| 000 | 00884nam a2200265 a 4500 | ||
|---|---|---|---|
| 001 | 59549 | ||
| 003 | BD-RjUL | ||
| 005 | 20211209080738.0 | ||
| 008 | 161226s1964 nyub b 000 0 eng | ||
| 035 | _a(BD-RjUL)59673 | ||
| 035 | _a(OCoLC)870096 | ||
| 040 |
_aDLC _cOWoC _dBD-RjUL _beng |
||
| 041 | _aeng | ||
| 082 |
_a338.0951 _223 _bIND 1964 |
||
| 245 | 0 | 0 |
_aIndustrial development in Communist China / _cedited by Choh-ming Li. |
| 260 |
_aNew York : _bFrederick A. Praeger, _cc1964. |
||
| 300 |
_a205 p. : _bill. ; _c21 cm. |
||
| 504 | _aIncludes Bibliographical Reference | ||
| 650 | 0 |
_aIndustrialization _zChina. _9177122 |
|
| 700 |
_aLi, Choh-Ming, _9177123 |
||
| 856 | _uPraeger publications in Russian history and world communism, | ||
| 942 |
_2ddc _cBK |
||
| 999 |
_c59549 _d59549 |
||